000 00210 a2200109 4500
020 _a9780971281684
041 _aspa
100 _aCarole Olson
245 _aDespertar ala Lectura
942 _cBK
952 _71
999 _c23034
_d23034